000 00428nam a2200169 a 4500
001 0000-8577
003 ELIB.Books
008 110520 1981
035 _a(ELIB.Books)0000-8723
082 _a226.1
_bMag
100 _aMagliato, Joe
245 _aThe Wall Street Gospel
260 _bOregon: Harvest House Publishers
_c1981
650 _aNew Testament
942 _2ddc
_cBK
998 _cbat
_e2011-05-20
999 _c8577
_d8577